[Event "21st Alekhine FIDE 2017"]
[Site "Voronezh"]
[Date "2017.06.19"]
[Round "8"]
[White "Egorov, Alexey"]
[Black "Kazmin, Semen"]
[Result "0-1"]
[WhiteElo "1794"]
[BlackElo "2086"]
[Annotator "NA RC"]
[PlyCount "112"]
[EventDate "2017.??.??"]
[EventType "swiss"]
[EventCountry "RUS"]
[SourceTitle "playchess.com"]
[Source "ChessBase"]
[SourceQuality "1"]
[TimeControl "40/5400+30:1800+30"]

{[%evp 9,112,-30,0,-26,-20,-24,-4,-27,-23,-16,-17,-29,-29,-44,-14,-27,-6,-29,6,-60,-29,-55,-56,-64,-46,-81,-62,-76,0,-20,-30,-10,100,42,63,82,83,13,29,-29,0,-21,0,0,95,-11,65,-15,28,-16,9,-47,-33,-114,-108,-109,-43,-44,32767,32767,32767,32767,32767,32767,32767,32767,-66,32767,32767,32767,32767,32767,32767,-533,-542,-557,-623,32767,32767,32767,-543,32767,32767,-557,-588,-576,-568,-758,-785,-887,-919,-980,-758,-891,-847,32767,32767,32767,32767,32767,-754,-902,32767,-979,-1933]} 1. e4 e6 2. Nc3 d5 3. Nf3 Nf6 4. e5 Nfd7 5. d4 c5 6. Bf4 Nc6 7. dxc5 Nxc5 8. Bd3 Be7 9. O-O O-O {LiveBook: 9 Games} 10. Ne2 {C11: French: Classical System: 4 e5 and 4 Bg5 dxe4} (10. Re1 a6 11. a3 f5 12. exf6 Bxf6 13. Bg3 Qb6 14. Rb1 Nxd3 15. Qxd3 Nd4 16. Ne5 Nf5 17. Bf4 Qd4 18. Qxd4 Nxd4 {½-½ (54) Chandler,M (2544)-Efimenko,Z (2601) West Bromwich 2005}) 10... f5 11. Qd2 $146 ({Predecessor:} 11. Nfd4 Qc7 12. Nxc6 bxc6 13. Nd4 Bd7 14. Re1 Rab8 15. Rb1 Nxd3 16. Qxd3 c5 17. Nf3 h6 {0-1 (41) Mosionzhik,I-Pavlenko,Y Batumi 1961}) 11... h6 (11... Ne4 $17 12. Qc1 h6) 12. Be3 Ne4 13. Qc1 Qc7 14. Bd4 ({White should play} 14. c4 $11) 14... Bd7 15. c3 Be8 16. Nf4 Qd7 17. Bb5 g5 18. Nd3 g4 ({Black should play} 18... Qc7 $17 19. Rd1 f4) 19. Bxc6 bxc6 20. Nfe1 h5 (20... c5 $11 {keeps the balance.} 21. Be3 c4) 21. Be3 ({White should try} 21. f3 $16) 21... Qd8 22. Nf4 Bf7 23. Nc2 ({White should play} 23. Ned3 $16) 23... c5 24. Kh1 (24. f3 $142) 24... Rc8 25. f3 Ng5 26. Qd2 Kg7 {[#]} (26... a5 $11 {remains equal.}) 27. Rg1 (27. b4 $1 $16) 27... Rh8 (27... Kh8 $11) 28. Ne1 ({White should play} 28. b4 $16) 28... Nh7 29. Rd1 Nf8 30. Ne2 Ng6 31. f4 (31. Nd3 $15) 31... a5 32. Nd3 Be8 (32... Qb6 $17) 33. b4 $1 axb4 34. cxb4 cxb4 35. Nd4 Kf7 36. Nxb4 Rc4 37. Rb1 Qa5 38. Nbc2 Qxd2 39. Bxd2 Ba4 40. Rgc1 Rhc8 41. Ne3 (41. Ne1 $142 Rxd4 42. Rxc8 Rxd2 43. g3) 41... Rxd4 42. Rxc8 Rxd2 43. g3 Re2 44. Ng2 d4 45. Rc4 Rxa2 46. Ne1 {[#]} d3 $1 47. Nxd3 Bc2 48. Nb4 Bxb1 49. Nxa2 Bxa2 50. Rc7 Ke8 51. Kg1 Kd8 52. Rc2 Bb3 53. Rc3 Bd5 54. Kf2 Nf8 55. Ke3 Nd7 56. Kd4 {[#]} Bc5+ $19 0-1

[Event "21st Alekhine FIDE 2017"]
[Site "Voronezh"]
[Date "2017.06.20"]
[Round "9"]
[White "Shishkin, Aleksey A"]
[Black "Kasantsev, Anatolij B"]
[Result "1/2-1/2"]
[WhiteElo "2191"]
[BlackElo "1961"]
[Annotator "TA"]
[PlyCount "46"]
[EventDate "2017.??.??"]
[EventType "swiss"]
[EventCountry "RUS"]
[SourceTitle "playchess.com"]
[Source "ChessBase"]
[SourceQuality "1"]

{[%evp 16,46,50,53,54,41,45,50,39,16,11,6,10,0,0,0,0,0,2,0,0,0,0,-19,0,0,0,-5,0,0,5,0,0]} 1. d4 Nf6 2. c4 e6 3. Nc3 Bb4 4. Qc2 c5 5. dxc5 O-O 6. a3 Bxc5 7. Nf3 Qb6 8. e3 Qc7 {E39: Nimzo-Indian: Classical: 4...c5 5 dxc5 0-0} (8... Be7 9. Bd3 d6 10. O-O Nbd7 11. b4 a6 12. Bb2 Qc7 13. Ne4 h6 14. Nxf6+ Bxf6 15. Rac1 Bxb2 16. Qxb2 b6 17. Be4 Rb8 18. Nd2 {½-½ (30) Vitiugov,N (2735)-Bachmann,A (2629) Caleta 2015}) 9. Bd3 {LiveBook: 8 Games} h6 10. b3 b6 {White is slightly better.} 11. Bb2 Bb7 12. Ne4 Nxe4 {The position is equal.} 13. Bxe4 Be7 14. Bxb7 Qxb7 15. O-O Rc8 16. Qd3 $40 {[%mdl 128] White has some attack.} d6 17. Nd4 Nd7 18. Nb5 Nc5 19. Qc3 {[%csl Gb2][%cal Rc3g7] [#]} Bf6 20. Qc2 Be7 21. Qc3 $146 {[%csl Gb2][%cal Rc3g7]} Bf6 22. Qc2 {Strongly threatening Bxf6.} Be7 23. Qc3 {[%csl Gb2][%cal Rc3g7] [#]} Bf6 {Precision: White = 51%, Black = 91%.} 1/2-1/2

[Event "21st Alekhine FIDE 2017"]
[Site "Voronezh"]
[Date "2017.06.20"]
[Round "9"]
[White "Peschansky, Mikhail"]
[Black "Provkin, Vladimir"]
[Result "1/2-1/2"]
[WhiteElo "2162"]
[BlackElo "2163"]
[Annotator "TA"]
[PlyCount "80"]
[EventDate "2017.??.??"]
[EventType "swiss"]
[EventCountry "RUS"]
[SourceTitle "playchess.com"]
[Source "ChessBase"]
[SourceQuality "1"]

{[%evp 12,80,35,35,59,30,60,63,74,68,72,33,72,64,73,60,69,84,68,37,33,34,54,52,74,53,66,42,43,41,42,4,4,0,20,12,56,13,136,12,70,0,23,13,18,16,88,15,26,0,93,0,26,0,94,0,26,0,94,0,26,0,90,0,26,0,94,0,27,0,87]} 1. c4 Nf6 2. Nc3 g6 3. g3 Bg7 4. Bg2 d6 5. e3 O-O 6. Nge2 Nc6 7. d4 Bg4 {E61: King's Indian: Early deviations for White, including Smyslov System} (7... e5 8. O-O exd4 9. exd4 Ne7 10. Bf4 Nf5 11. Qc1 Re8 12. h3 c6 13. g4 Ne7 14. Bh6 d5 15. c5 b6 16. cxb6 axb6 17. Re1 {0-1 (36) Gelfand,B (2743)-Giri,A (2755) Moscow 2016}) 8. h3 Bxe2 9. Qxe2 Nd7 $146 {White is slightly better.} ({Predecessor:} 9... e5 10. d5 Ne7 11. O-O Nd7 12. e4 f5 13. f3 f4 14. g4 Bf6 15. Bd2 {0-1 (58) Hamann,G (2230)-Juergens,U Germany 1981}) 10. O-O e5 11. dxe5 (11. d5 $5 {[%cal Rd5c6]} Ncb8 12. e4 $14) 11... Ndxe5 12. Rb1 {[%cal Ba1b1,Bb1b2,Bb2d2][%mdl 32]} Re8 13. b3 Nf3+ 14. Qxf3 Bxc3 15. Bb2 Bxb2 16. Rxb2 Kg7 17. Rd2 Qf6 18. Qd1 h5 19. h4 a5 20. a3 Re7 21. Qa1 (21. Qc2 {with more complications.} Rd8 22. Rfd1 Ree8 23. Bd5 Ne5 24. Rd4) 21... Qxa1 22. Rxa1 Ra7 23. Rad1 (23. c5 $5) 23... f5 24. Rc1 (24. c5 $5) 24... Re5 {[#]} (24... Ne5 $11 {keeps the balance.}) 25. Rd5 (25. c5 $1 $16) 25... Ne7 (25... Kf6 $11) 26. Rd2 (26. Rxe5 $14 dxe5 27. Rd1) 26... Ra6 27. Rc3 Rb6 28. Kf1 Nc6 (28... Ng8 $11) 29. Rd5 (29. f4 $16 Re6 30. Rdd3) 29... Ne7 30. Rd2 (30. Rdd3 $11) 30... Nc6 $16 31. Rd5 ({White should play} 31. f4 $16 Re6 32. Rdd3) 31... Ne7 $11 32. Rd2 (32. Rdd3 $11) 32... Nc6 $16 33. Rd5 (33. f4 $16 Re6 34. Rdd3) 33... Ne7 $11 34. Rd2 (34. Rdd3 $11) 34... Nc6 $16 35. Rd5 (35. f4 $16 Re6 36. Rdd3) 35... Ne7 $11 36. Rd2 (36. Rdd3 $11) 36... Nc6 $16 37. Rd5 (37. f4 $16 Re6 38. Kf2) 37... Ne7 $11 38. Rd2 (38. Rdd3 $11) 38... Nc6 $16 39. Rd5 (39. f4 $16 Re6 40. Kf2) 39... Ne7 $11 40. Rd2 ({White should try} 40. Rdd3 $11) 40... Nc6 {Precision: White = 21%, Black = 41%.} 1/2-1/2

[Event "21st Alekhine FIDE 2017"]
[Site "Voronezh"]
[Date "2017.06.20"]
[Round "9"]
[White "Palin, Denis"]
[Black "Piskov, Vladimir A"]
[Result "1-0"]
[WhiteElo "2158"]
[BlackElo "1909"]
[Annotator "TA"]
[PlyCount "33"]
[EventDate "2017.??.??"]
[EventType "swiss"]
[EventCountry "RUS"]
[SourceTitle "playchess.com"]
[Source "ChessBase"]
[SourceQuality "1"]

{[%evp 9,33,20,33,26,40,40,42,37,52,22,43,42,56,17,7,5,24,0,18,0,52,34,27,35,137,77]} 1. d4 d5 2. Nf3 Nf6 3. e3 Bg4 4. h3 Bh5 5. c4 (5. g4 Bg6 6. Ne5 Nfd7 7. Nxg6 hxg6 8. c4 c6 9. Qb3 Qc7 10. Nc3 e6 11. e4 e5 12. exd5 exd4 {½-½ (84) Stefanova,A (2512)-Muzychuk,M (2545) Chengdu 2016}) 5... e6 6. cxd5 {D04: Colle System} exd5 7. Qb3 $146 ({Predecessor:} 7. g4 Bg6 8. Qb3 b6 9. Nc3 c6 10. Nh4 Be7 11. Nxg6 hxg6 12. g5 Nh5 13. h4 O-O 14. Bg2 Nd7 15. e4 Re8 16. O-O Kf8 17. exd5 {1-0 (17) Mudra,O (2122)-Davidson,J (2176) ICCF email 2012}) 7... b6 8. Ne5 {[#] Bb5+ is the strong threat.White is slightly better.} c6 $1 9. Bd3 Bd6 10. O-O Bg6 11. f4 Bxd3 12. Qxd3 O-O 13. Nc3 Re8 14. Bd2 c5 ({Black should try} 14... Bb4 $11) 15. Be1 c4 16. Qf5 Be7 (16... Bb4 $14) 17. Ng4 {Precision: White = 57%, Black = 36%.} (17. Bh4 $142) 1-0

[Event "21st Alekhine FIDE 2017"]
[Site "Voronezh"]
[Date "2017.06.20"]
[Round "9"]
[White "Palkovich, Denis"]
[Black "Matveenko, Yury"]
[Result "1-0"]
[WhiteElo "2147"]
[BlackElo "1928"]
[Annotator "TA"]
[PlyCount "38"]
[EventDate "2017.??.??"]
[EventType "swiss"]
[EventCountry "RUS"]
[SourceTitle "playchess.com"]
[Source "ChessBase"]
[SourceQuality "1"]

{[%evp 12,38,8,0,10,-9,6,-4,13,19,41,35,54,47,75,43,97,71,107,69,134,120,168,155,165,173,164,24,97]} 1. d4 Nf6 2. Bf4 d5 3. e3 e6 4. Nd2 c5 5. c3 Nc6 6. Ngf3 Be7 7. Ne5 Nd7 {D02: 1 d4 d5 2 Nf3 sidelines, including 2...Nf6 3 g3 and 2...Nf6 3 Bf4} 8. Bd3 Ndxe5 (8... O-O 9. Qh5 f5 10. Ndf3 Ndxe5 11. Nxe5 Nxe5 12. Bxe5 Bd6 13. f4 Bxe5 14. fxe5 Bd7 15. O-O Qb6 16. Rf2 Bb5 17. Bxb5 Qxb5 {½-½ (38) Adhiban,B (2653)-Aronian,L (2780) Wijk aan Zee 2017}) 9. dxe5 h6 $146 {The position is equal.} ({Predecessor:} 9... b6 10. Qg4 g5 11. Bg3 c4 12. Be2 h5 13. Qh3 Kd7 14. Bxh5 Rh7 15. O-O-O {½-½ (65) Hrubant,I (2052)-Pychova,N (1932) Rakovnik 2015}) 10. O-O Qc7 11. e4 d4 12. Nc4 $36 {[%mdl 2048] White is pushing.} Qd8 13. a4 h5 (13... O-O $14) 14. h3 b6 15. Bh2 Rb8 (15... O-O $14) 16. f4 a6 {[#]} 17. f5 $1 b5 18. axb5 axb5 19. fxe6 (19. Nd6+ $18 Bxd6 20. exd6) 19... Bxe6 {Precision: White = 54%, Black = 11%.} (19... bxc4 $11 20. exf7+ Kf8 21. Bxc4 Rh6) 1-0

[Event "21st Alekhine FIDE 2017"]
[Site "Voronezh"]
[Date "2017.06.20"]
[Round "9"]
[White "Khajrutdinov, Ildar"]
[Black "Garafutdinov, Ainur"]
[Result "1-0"]
[WhiteElo "2087"]
[BlackElo "1998"]
[Annotator "NA RC"]
[PlyCount "41"]
[EventDate "2017.??.??"]
[EventType "swiss"]
[EventCountry "RUS"]
[SourceTitle "playchess.com"]
[Source "ChessBase"]
[SourceQuality "1"]
[TimeControl "40/5400+30:1800+30"]

{[%evp 8,20,53,62,58,38,52,53,77,62,47,45,68,45,97]} 1. d4 {[%emt 0:06:50]} f5 {[%emt 0:00:04]} 2. g3 {[%emt 0:00:37]} Nf6 {[%emt 0:00:06]} 3. Bg2 {[%emt 0:00:09]} d6 {[%emt 0:00:03]} 4. Nc3 {[%emt 0:00:41]} g6 {[%emt 0:00:17]} 5. e4 {[%emt 0:00:43] LiveBook: 10 Games} fxe4 {[%emt 0:00:55]} 6. Nxe4 {[%emt 0:00:06]} Nxe4 {[%emt 0:01:15]} 7. Bxe4 {[%emt 0:00:09]} Nd7 {[%emt 0:02:46]} 8. Nf3 {[%emt 0:09:22]} Nf6 {[%emt 0:01:38]} 9. Bd3 {[%emt 0:00:13]} c6 {[%emt 0:06:58]} 10. c3 {[%emt 0:09:44]} Qb6 $16 {[%emt 0:05:54]} 11. Ng5 {[%emt 0:07:40]} Rg8 {[%emt 0:19:16]} 12. Qe2 {[%emt 0:02:38]} Qc7 {[%emt 0:10:47]} 13. Bd2 {[%emt 0:14:02]} Bd7 {[%emt 0:05:44]} 14. O-O-O {[%emt 0:03:08]} O-O-O {[%emt 0:01:15]} 15. Bc4 {[%emt 0:12:50]} d5 {[%emt 0:02:53]} 16. Bd3 {[%emt 0:02:15]} b5 {[%emt 0:13:55]} 17. Bf4 {[%emt 0:03:34]} Qb7 {[%emt 0:00:50]} 18. f3 {[%emt 0:05:51]} Re8 {[%emt 0:09:00]} 19. g4 {[%emt 0:03:15]} Bh6 {[%emt 0:06:29]} 20. h4 {[%emt 0:01:24]} Rgf8 {[%emt 0:00:32]} 21. Bg3 {[%emt 0:02:01]} 1-0

[Event "21st Alekhine FIDE 2017"]
[Site "Voronezh"]
[Date "2017.06.20"]
[Round "9"]
[White "Kazmin, Semen"]
[Black "Maratkanov, Evgeny"]
[Result "1/2-1/2"]
[WhiteElo "2086"]
[BlackElo "2145"]
[Annotator "TA"]
[PlyCount "43"]
[EventDate "2017.??.??"]
[EventType "swiss"]
[EventCountry "RUS"]
[SourceTitle "playchess.com"]
[Source "ChessBase"]
[SourceQuality "1"]

{[%evp 38,43,0,0,112,0,0,0]} 1. e4 e6 2. d4 d5 3. Nc3 Bb4 4. e5 Ne7 5. a3 Bxc3+ 6. bxc3 c5 7. Qg4 cxd4 8. Qxg7 Rg8 9. Qxh7 Qc7 10. Ne2 dxc3 11. Qd3 Nbc6 12. f4 d4 13. Nxd4 Nxd4 14. Qxd4 Bd7 15. Rg1 Nf5 {C18: French: 3 Nc3 Bb4: Main line: 7 h4 and 7 Qg4} 16. Qf2 Qc6 17. g4 Qe4+ 18. Qe2 {[#]} Qd4 $146 ({Predecessor:} 18... Qd5 19. Bg2 Qc5 20. Qf2 Nd4 21. Be4 O-O-O 22. Be3 Bc6 23. Bd3 {½-½ (37) Vachier Lagrave,M (2775)-Radjabov,T (2731) Tbilisi 2015}) 19. Qf2 Qe4+ 20. Qe2 {LiveBook: 9 Games} Qd4 {[#]} 21. Qf2 (21. Rg2 $1 $16 Ne7 22. Rg3) 21... Qe4+ $11 22. Qe2 1/2-1/2

[Event "21st Alekhine FIDE 2017"]
[Site "Voronezh"]
[Date "2017.06.20"]
[Round "9"]
[White "Geranichev, Mikhail"]
[Black "Nakonechny, Ignat"]
[Result "0-1"]
[WhiteElo "2076"]
[BlackElo "1893"]
[Annotator "NA RC"]
[PlyCount "35"]
[EventDate "2017.??.??"]
[EventType "swiss"]
[EventCountry "RUS"]
[SourceTitle "playchess.com"]
[Source "ChessBase"]
[SourceQuality "1"]
[TimeControl "40/5400+30:1800+30"]

{[%evp 8,35,5,32767,32767,32767,32767,11,16,-19,-8,-19,-14,-14,0,0,7,-3,-3,-21,-33,-45,-20,-68,-50,-43,-44,-53,-37,-65]} 1. Nf3 {[%emt 0:02:19]} Nf6 {[%emt 0:01:10]} 2. g3 {[%emt 0:00:45]} g6 {[%emt 0:00:04]} 3. Bg2 {[%emt 0:00:14]} Bg7 {[%emt 0:00:08]} 4. d3 {[%emt 0:00:09]} d6 {[%emt 0:00:04]} 5. O-O {[%emt 0:00:06]} O-O {[%emt 0:00:04]} 6. e4 {[%emt 0:00:05]} c6 {[%emt 0:00:02]} 7. Nbd2 {[%emt 0:00:07]} e5 {[%emt 0:00:19]} 8. Nc4 {[%emt 0:00:40]} Qc7 {[%emt 0:00:54]} (8... b5 $5 {[%cal Rb5c4]} 9. Ne3 c5 $11) 9. b3 {[%emt 0:01:53]} b5 {[%emt 0:00:26]} 10. Ne3 {[%emt 0:00:21]} Bb7 {[%emt 0:00:11]} 11. a4 {[%emt 0:00:28]} a6 {[%emt 0:01:27]} 12. Bb2 {[%emt 0:00:40]} Nbd7 {[%emt 0:00:19]} 13. Nh4 {[%emt 0:02:24]} d5 {[%emt 0:08:30]} 14. Qe2 {[%emt 0:04:26]} Rfe8 {[%emt 0:03:00]} (14... d4 $5 {[%cal Rd4e3]} 15. Ng4 Nxg4 16. Qxg4 c5 $15) 15. a5 {[%emt 0:09:03]} (15. axb5 $11 axb5 16. exd5) 15... d4 {[%emt 0:06:06]} 16. Ng4 {[%emt 0:02:08]} Nxg4 {[%emt 0:00:22]} 17. Qxg4 {[%emt 0:00:09]} c5 {[%emt 0:00:26]} 18. f4 $15 {[%emt 0:02:29]} 0-1

[Event "21st Alekhine FIDE 2017"]
[Site "Voronezh"]
[Date "2017.06.20"]
[Round "9"]
[White "Novikov, Sergey D"]
[Black "Mezhov, Dmitriy"]
[Result "1-0"]
[WhiteElo "2061"]
[BlackElo "1809"]
[Annotator "NA RC"]
[PlyCount "28"]
[EventDate "2017.??.??"]
[EventType "swiss"]
[EventCountry "RUS"]
[SourceTitle "playchess.com"]
[Source "ChessBase"]
[SourceQuality "1"]
[TimeControl "40/5400+30:1800+30"]

{[%evp 8,28,29,12,16,2,10,21,20,31,21,17,19,-6,3,-48,-27,-63,-22,-45,-26,-25,-31]} 1. d4 {[%emt 0:00:00]} d5 {[%emt 0:00:03]} 2. c4 {[%emt 0:00:00]} c6 {[%emt 0:00:04]} 3. Nf3 {[%emt 0:00:00]} Nf6 {[%emt 0:00:04]} 4. Nc3 {[%emt 0:00:00]} e6 {[%emt 0:00:04]} 5. e3 {[%emt 0:00:02]} Nbd7 {[%emt 0:00:03]} 6. Qc2 {[%emt 0:00:04]} b6 {[%emt 0:00:03]} 7. Bd3 {[%emt 0:00:12]} Bb7 {[%emt 0:00:05]} 8. O-O {[%emt 0:00:10]} Be7 {[%emt 0:00:19]} 9. b3 {[%emt 0:08:19]} dxc4 {LiveBook: 27 Games} 10. Bxc4 c5 {[%emt 0:09:47]} 11. e4 {[%emt 0:10:10]} cxd4 {[%emt 0:01:27]} 12. Nxd4 {[%emt 0:00:45]} O-O {[%emt 0:00:06]} 13. Rd1 {[%emt 0:01:46]} Qc7 {[%emt 0:03:52]} 14. Qe2 {[%emt 0:14:00]} a6 $15 {[%emt 0:00:58]} 1-0

[Event "21st Alekhine FIDE 2017"]
[Site "Voronezh"]
[Date "2017.06.20"]
[Round "9"]
[White "Kondaurov, Yury"]
[Black "Katkov, Vitaly"]
[Result "1-0"]
[WhiteElo "2046"]
[BlackElo "2054"]
[Annotator "NA RC"]
[PlyCount "21"]
[EventDate "2017.??.??"]
[EventType "swiss"]
[EventCountry "RUS"]
[SourceTitle "playchess.com"]
[Source "ChessBase"]
[SourceQuality "1"]
[TimeControl "40/5400+30:1800+30"]

{[%evp 10,21,32,13,44,19,15,-4,17,-5,16,-44,-43,-58]} 1. Nf3 {[%emt 0:00:00]} c5 {[%emt 0:05:03]} 2. g3 {[%emt 0:00:00]} Nc6 {[%emt 0:00:13]} 3. Bg2 {[%emt 0:00:00]} g6 {[%emt 0:00:05]} 4. O-O {[%emt 0:00:00]} Bg7 {[%emt 0:00:05]} 5. c4 {[%emt 0:00:00]} Nf6 {[%emt 0:01:54]} 6. Nc3 {[%emt 0:05:34]} d5 {[%emt 0:03:37] LiveBook: 26 Games} 7. cxd5 {[%emt 0:05:01]} Nxd5 {[%emt 0:01:55]} 8. Qb3 {[%emt 0:03:25]} (8. d4 $5) 8... Nc7 {[%emt 0:03:33]} 9. Ng5 {[%emt 0:02:17]} O-O $1 {[%emt 0:00:17]} 10. d3 {[%emt 0:05:14]} (10. Bxc6 $5 bxc6 11. d3 $11) 10... Bd7 {[%emt 0:06:14]} 11. Be3 $15 {[%emt 0:08:29]} 1-0

[Event "21st Alekhine FIDE 2017"]
[Site "Voronezh"]
[Date "2017.06.20"]
[Round "9"]
[White "Bezgodova, Svetlana"]
[Black "Manukovsky, Vladimir"]
[Result "1-0"]
[WhiteElo "2038"]
[BlackElo "2200"]
[Annotator "TA"]
[PlyCount "119"]
[EventDate "2017.??.??"]
[EventType "swiss"]
[EventCountry "RUS"]
[SourceTitle "playchess.com"]
[Source "ChessBase"]
[SourceQuality "1"]

{[%evp 24,119,60,29,60,58,65,50,67,60,75,62,53,28,23,0,89,0,13,0,0,0,0,-116,-111,-104,48,50,262,264,252,252,288,281,373,323,403,403,447,450,808,773,29992,509,718,438,433,420,425,425,469,459,460,458,447,435,496,491,472,474,601,570,545,506,896,588,1104,1094,1050,1022,1037,1011,1564,1528,1339,1100,1500,2247,1527,2481,2324,2001,1843,1879,5073,2375,2210,2199,2252,2077,2211,1955,12820,5605,5485,8279,6510,5915]} 1. Nf3 c5 2. c4 Nc6 3. d4 cxd4 4. Nxd4 g6 5. e4 Bg7 6. Be3 Nf6 7. Nc3 Ng4 8. Qxg4 Nxd4 9. Qd1 Ne6 10. Qd2 b6 11. Rc1 {B39: Sicilian: Maroczy Bind with 5...Bg7 and 7...Ng4} Bb7 12. f3 O-O 13. Be2 {LiveBook: 7 Games. White is slightly better.} Rc8 14. O-O d6 15. Rfd1 f5 16. exf5 gxf5 17. Nd5 Qe8 18. b3 Qf7 19. Re1 Rce8 (19... f4 $11 20. Bf2 Be5) 20. Bd1 (20. f4 $16) 20... Kh8 (20... f4 $5 21. Bf2 $8 Be5 $14) 21. Bc2 f4 22. Bf2 (22. Qd3 $5 {[%cal Rd3h7]} Be5 23. Bf2 $11) 22... Be5 23. Kf1 (23. Kh1 $11 {keeps the balance.}) 23... Rg8 $17 24. Qd3 Rg7 $2 {[#]} (24... Rg5 $17 {Strongly threatening ...Reg8.} 25. g4 fxg3 26. hxg3 Nc5) 25. Qf5 $1 $14 Qg8 $2 (25... Kg8 $14) 26. Rxe5 $18 dxe5 27. Qxe5 Qf7 28. Re1 Bc8 29. Bf5 Nc5 30. Bxc8 Rxc8 31. Bd4 Rcg8 (31... e6 $142 32. Nxf4 Kg8 33. Qxg7+ Qxg7 34. Bxg7 Kxg7 35. Nxe6+ Kf7) 32. Qxe7 Qg6 33. Bxg7+ (33. Nxf4 $142 Qc6 34. Bxg7+ Rxg7 35. Qd8+ Rg8 36. Qd4+ Rg7 37. Nh5 Ne6 38. Rxe6 Qxc4+ 39. bxc4 Kg8 40. Qxg7#) 33... Rxg7 {[%csl Gg7][%cal Rg6g2] [#]} 34. Qf8+ Rg8 {[%csl Gg8][%cal Rg6g2]} 35. Qf6+ Qxf6 36. Nxf6 {[%mdl 4096] Endgame White threatens Re7 and mate. KRN-KRN. White is clearly winning.} Rf8 37. Re8 Rxe8 38. Nxe8 {KN-KN} Nd3 39. Nd6 Nc1 40. Nc8 Nxa2 41. Nxa7 Nc1 42. Nc8 Nxb3 43. Nxb6 Nd4 (43... Kg7 $142 44. Ke2 Kf6) 44. c5 Kg7 45. Nd5 Kf7 46. Nxf4 Ke7 47. Kf2 Nb3 48. Nd3 Ke6 49. Ke3 Kd5 50. g4 Nd4 51. f4 {[%cal Bf3f4,Bf4f5][%mdl 32]} Nc2+ 52. Kf2 Nd4 53. f5 Ke4 54. Nb4 Ke5 55. Ke3 Nb5 56. c6 Nc7 57. h3 h6 58. Kd3 Kd6 59. Kc4 Ne8 60. Kb5 {Precision: White = 62%, Black = 29%.} 1-0

[Event "21st Alekhine FIDE 2017"]
[Site "Voronezh"]
[Date "2017.06.20"]
[Round "9"]
[White "Arbuzov, Mikhail"]
[Black "Puchko, Nikolay"]
[Result "1-0"]
[WhiteElo "2022"]
[BlackElo "2154"]
[Annotator "TA"]
[PlyCount "23"]
[EventDate "2017.??.??"]
[EventType "swiss"]
[EventCountry "RUS"]
[SourceTitle "playchess.com"]
[Source "ChessBase"]
[SourceQuality "1"]

{[%evp 10,23,0,0,3,0,0,0,0,0,0,9,17,0,0,10]} 1. d4 Nf6 2. c4 g6 3. f3 e6 4. e4 d5 5. Nc3 dxe4 6. fxe4 {LiveBook: 9 Games. The position is equal. E60: King's Indian: Unusual lines and Fianchetto Variation without Nc3} c5 7. Nf3 Bg7 8. d5 O-O 9. Be2 exd5 10. exd5 Bg4 $146 ({Predecessor:} 10... Re8 11. O-O {½-½ (20) Laznicka,V (2677)-Vachier Lagrave,M (2742) Warsaw 2013}) 11. O-O Nbd7 12. Bf4 {[%mdl 32768] Loss on Time!?} (12. h3 $5 {[%cal Rh3g4]} Bxf3 13. Bxf3 $14 (13. Rxf3 Ne8 $11)) 1-0